| 000 | 00779nam a2200277Ia 4500 | ||
|---|---|---|---|
| 003 | OSt | ||
| 005 | 20220927105749.0 | ||
| 006 | a|||||r|||| 00| 0 | ||
| 007 | ta | ||
| 008 | 220926b |||||||| |||| 00| 0 eng d | ||
| 020 | _a8170236878 | ||
| 024 | _a206856 | ||
| 037 | _cReference Collections | ||
| 040 |
_aRTL _cRTL _beng |
||
| 041 |
_2eng _aeng |
||
| 082 | _a"T15.2, N7/GD" | ||
| 100 | _aWORLD BANK | ||
| 110 | _aWORLD BANK | ||
| 245 | 0 | _aPrimary education in India | |
| 260 |
_aNew _b"Delhi, Allied Publishers, " _c1997 |
||
| 300 |
_axvi;307p. _ccm. |
||
| 500 | _aBibliopgraphy: P 312-343; Appendix: P 309-311; Glossary: P xi-lx | ||
| 700 | _aWORLD BANK | ||
| 942 |
_h"T15.2, N7/GD" _cCC |
||
| 999 |
_c694489 _d694489 |
||